000 00459nam a2200157 i 4500
001 68246
003 ES-MaACL
005 20230906170231.0
007 t|
008 040611s1968 sp ||||1| spa d
100 1 _aGarcía Abad, Albano.
_954107
245 1 0 _aHistoria de Valderas y su término /
_cAlbano García Abad.
260 _aBurgos :
_bEl Monte Carmelo,
_c1968.
300 _a315 p., 14 p. de lám. ;
_c22 cm.
852 _aES-MaACL
_jC-47439
_bR.67392
999 _c68246
_d68246